Normal view MARC view
  • pharmacy

Entry Topical Term

Number of records used in: 1

001 - CONTROL NUMBER

  • control field: 6682

003 - CONTROL NUMBER IDENTIFIER

  • control field: OSt

005 - DATE AND TIME OF LATEST TRANSACTION

  • control field: 20210826101653.0

008 - FIXED-LENGTH DATA ELEMENTS

  • fixed length control field: 210826|| aca||aabn | a|a d

040 ## - CATALOGING SOURCE

  • Original cataloging agency: OSt
  • Transcribing agency: OSt

150 ## - HEADING--TOPICAL TERM

  • Topical term or geographic name as entry element: pharmacy

670 ## - SOURCE DATA FOUND

  • Source citation: Work cat.: (OSt)6264: RAO,Dr G.DEVALA 5452, A Text Book of Applied Biochemistry and clinical pathology, 2019